Iron deposits in southwestern Indiana.
Saved in:
| Main Author: | |
|---|---|
| Format: | Book |
| Language: | English |
| Published: |
Bloomington,
1956.
|
| Series: | Report of progress (Indiana. Division of Geology) ;
no. 10. |
| Subjects: |
MARC
| LEADER | 00000cam a2200000I 4500 | ||
|---|---|---|---|
| 001 | 001908700 | ||
| 005 | 20260604140130.1 | ||
| 008 | 790607s1956 inua b s000 0 eng d | ||
| 010 | |a gs 57000169 | ||
| 035 | |a (OCoLC)5044637 | ||
| 035 | |a (ndu)001908700 | ||
| 040 | |a TXA |c TXA |d OCLCQ |d IND |d UtOrBLW | ||
| 043 | |a n-us-in |0 http://id.loc.gov/vocabulary/geographicAreas/n-us-in | ||
| 049 | |a INDU | ||
| 090 | |a QE 109 |b .A3 no.10 | ||
| 100 | 1 | |a Bundy, Wayne Miles, |d 1924- |0 http://id.loc.gov/authorities/names/no94001299 | |
| 245 | 1 | 0 | |a Iron deposits in southwestern Indiana. |
| 260 | |a Bloomington, |c 1956. | ||
| 300 | |a 25 pages : |b illustrations ; |c 23 cm. | ||
| 336 | |a text |b txt |2 rdacontent |0 http://rdaregistry.info/termList/RDAContentType/1020 | ||
| 337 | |a unmediated |b n |2 rdamedia |0 http://rdaregistry.info/termList/RDAMediaType/1007 | ||
| 338 | |a volume |b nc |2 rdacarrier |0 http://rdaregistry.info/termList/RDACarrierType/1049 | ||
| 340 | |p illustration |2 rdaill |0 http://rdaregistry.info/termList/IllusContent/1014 | ||
| 490 | 1 | |a Indiana. Dept. of Conservation. Division of Geology. Report of progress ; |v no. 10 | |
| 504 | |a Bibliography: p. 24-25. | ||
| 650 | 0 | |a Iron ores |z Indiana. | |
| 650 | 7 | |a Iron ores. |2 fast |0 (OCoLC)fst00979303 | |
| 651 | 7 | |a Indiana. |2 fast |0 (OCoLC)fst01204604 | |
| 830 | 0 | |a Report of progress (Indiana. Division of Geology) ; |v no. 10. |0 http://id.loc.gov/authorities/names/n86742168 | |
| 902 | |a MARS | ||
| 999 | f | f | |i a5509dee-bc6f-57d0-9b7d-30b4d3f4637d |s a2d35819-33ce-43e1-807b-2e4b62ef4b54 |t 0 |
| 952 | f | f | |p Circulating |a University of Notre Dame |b University of Notre Dame |c Annex |s Annex |d Annex |t 0 |e QE 109 .A3 no.10 |h Library of Congress classification |i Book |m 00000021878798 |